|
|
|
|
| LEADER |
01602nam a2200277 u 4500 |
| 001 |
10017679 |
| 003 |
GR-PaULI |
| 005 |
20240315103210.0 |
| 008 |
881025s2012 gr a gre |
| 952 |
|
|
|0 0
|1 0
|2 ddc
|4 0
|6 949_506000000000000_MAT
|7 0
|9 207688
|a LISP
|b LISP
|c BSC
|d 2016-11-28
|i 135349
|l 2
|m 1
|o 949.506 MAT
|p 025000253223
|r 2019-11-21 00:00:00
|s 2019-11-13
|t 1
|v 2016.00
|w 2016-11-28
|y BK15
|
| 999 |
|
|
|c 105825
|d 105825
|
| 020 |
|
|
|a 978969538084
|
| 040 |
|
|
|a GR-PaULI
|c GR-PaULI
|b gre
|e AACR2
|
| 041 |
0 |
|
|a
|
| 082 |
0 |
4 |
|a 949.506
|2 23
|
| 245 |
0 |
3 |
|a "Η ματιά των άλλων" :
|b προσλήψεις προσώπων που σφράγισαν τρεις αιώνες (18ος-20ός) /
|c επιμέλεια Κατερίνα Δέδε [και] Δημήτρης Δημητρόπουλος
|
| 260 |
|
|
|a Αθήνα :
|b Εθνικό Ίδρυμα Ερευνών - Ινστιτούτο Νεοελληνικών Ερευνών,
|c 2012.
|
| 300 |
|
|
|a 236 σ. :
|b εικ. ;
|c 25 εκ.
|
| 490 |
1 |
|
|a Ινστιτούτο Νεοελληνικών Ερευνών / Εθνικού Ιδρύματος Ερευνών
|v 127
|
| 505 |
1 |
|
|a
|
| 651 |
|
4 |
|9 2808
|a Ελλάδα
|x Ιστορία
|y Επανάσταση του 1821.
|
| 700 |
|
|
|9 158405
|a Δέδε, Κατερίνα
|e επιμελήτρια.
|
| 700 |
1 |
|
|9 5745
|a Δημητρόπουλος, Δημήτρης
|e επιμελητής.
|
| 830 |
|
0 |
|a Ινστιτούτο Ιστορικών Ερευνών. Τομέας Νεοελληνικών Ερευνών (Εθνικό Ίδρυμα Ερευνών)
|v 127
|9 158406
|
| 942 |
|
|
|2 ddc
|c BK15
|
| 998 |
|
|
|c ΜΠΟΥΡΑΣ
|d 2016-11
|